Bibliografía suareciana

Gespeichert in:
Bibliographische Detailangaben
1. Verfasser: Múgica, Plácido (autor)
Format: Buch
Sprache:Spanisch
Veröffentlicht: Granada Universidad de Granada 1948
Schriftenreihe:Publicaciones de la Cátedra Francisco Suárez, 3
Schlagworte:
Tags: Tag hinzufügen
Keine Tags, Fügen Sie den ersten Tag hinzu!

MARC

LEADER 00000nam a2200000 a 4500
001 UCS9825
003 CL-VaPUC
008 971121e19480000SP |||||||||||||||||spa|d
082 0 4 |a 340.02  |b MUG  |2 21 
100 |a Múgica, Plácido  |e autor  |9 395144 
245 1 0 |a Bibliografía suareciana 
300 |a 103 p 
942 |c BK 
945 |d 19971121 00:00:00  |a cmena 
260 |a Granada  |b Universidad de Granada  |c 1948 
600 0 |a Suárez, Francisco,   |c S.I.  |9 255840 
650 0 |a Filosofía del derecho   |9 255050 
650 0 |a Bibliografías   |9 257071 
650 7 |a DOCUMENTOS SECUNDARIOS  |2 CL-VaPUC  |9 395145 
650 0 |a Compilación bibliográfica  |9 338369 
650 0 |a Positivismo jurídico  |9 255992 
650 0 |a Escuelas filosóficas   |9 266232 
650 0 |a Teología   |9 258766 
583 |a last modification  |c 19971121 00:00:00  |k Rodrigo Vera 
490 0 |a Publicaciones de la Cátedra Francisco Suárez, 3 
999 |c 263582  |d 263580 
952 |0 0  |1 0  |4 0  |6 340_020000000000000_MUG_1948  |7 0  |8 DER_TF  |9 292926  |a BIBDER  |b BIBDER  |d 2019-11-19  |i 1907115  |o 340.02 MUG 1948  |p 1907115  |r 2023-01-25  |w 2019-11-19  |x Ubicación 4to Piso  |y BK  |z Estos recursos deben solicitarse con anticipación  |k DER